25 Years of ABC Shows Quiz Stats

 Plays Quiz Updated Feb 5, 2018

Challenge
Share
Tweet
Score 0/25 Timer 07:00
1 Play Today
% Correct
Ugly Betty
88.5%
Grey's Anatomy
88.3%
The Bachelor
85.8%
Desperate Housewives
85.3%
Who Wants to Be A Millionaire
85.2%
The View
82%
The Drew Carey Show
78.9%
The Middle
76.2%
Scandal
73.9%
Jimmy Kimmel Live!
73.7%
The Goldbergs
71.8%
How to Get Away with Murder
71.5%
Fresh Off the Boat
70.3%
% Correct
The Good Doctor
62.6%
Alias
58.1%
Clueless
57.4%
What Would You Do?
56.2%
Last Man Standing
53.8%
Two Guys, a Girl and a Pizza Place
40.5%
My So-Called Life
38.9%
Private Practice
36.4%
American Housewife
29.3%
Splitting Up Together
28.6%
No Ordinary Family
5.2%
Gideon's Crossing
3.8%

You're not logged in!

Compare scores with friends on all Sporcle quizzes.
Join for Free
OR
Log In

You Might Also Like...

Show Comments

Extras

Top Quizzes Today


Score Distribution

Your Account Isn't Verified!

In order to create a playlist on Sporcle, you need to verify the email address you used during registration. Go to your Sporcle Settings to finish the process.

Report this User

Report this user for behavior that violates our Community Guidelines.

Details: